| 000 | 00523nam a22001815a 4500 | ||
|---|---|---|---|
| 001 | ES-MaREB00653102-9 | ||
| 003 | OSt | ||
| 005 | 20140205181205.0 | ||
| 008 | 040825s1969 mex 000 spa d | ||
| 040 | _cBMC | ||
| 082 | _a808.8317291 | ||
| 100 | 1 |
_aFerreira, Ramón _912758 |
|
| 245 | 1 | 4 |
_aLos malos olores de este mundo _cRamón Ferreira |
| 260 |
_aMéxico, D.F. _bFondo de Cultura Económica _c1969 |
||
| 300 |
_a233 p. _c17 cm |
||
| 490 | 0 |
_aColección Popular. Narradores latinoamericanos _v97 |
|
| 942 |
_2ddc _cBK |
||
| 999 |
_c6614 _d6614 |
||